Pamätné mince k vstupu Slovenskej republiky do Európskej únie

Bibliographic Details
Main Author: Flaché, Dagmar (Author)
Format: Article
Language:Slovak
PhysicalDescription:Obr.
ISSN:1335-0900
Subjects:

MARC

LEADER 00000nab a2200000 a 4500
001 vtls000871380
003 SK-MaSNL
005 20260304105817.0
008 250429c2004 xo 0 slo
015 |a SNBRB2004/05-13689 
035 |a CLN000222932 
035 |a urn:nbn:sk:snk-ab23vf 
035 |a (urnnbn)urn:nbn:sk:snk:ar-a01kau 
035 |a (uuid)dd50288e-d7be-4733-9b97-30100631f8ac 
040 |a SNKBUCL  |b slo  |c SNKBUCL  |e AACR2 
041 0 |a slo 
044 |a xo  |c SK 
080 |a 737.1(437.6):06.063  |2 1997 
100 1 |a Flaché, Dagmar  |4 aut  |9 850558 
245 1 0 |a Pamätné mince k vstupu Slovenskej republiky do Európskej únie  |c Dagmar Flaché 
300 |b Obr. 
610 7 |a Európska únia  |2 snkbucl  |9 29861 
650 0 7 |a mince  |2 snkbucl  |9 2305 
655 7 |a články z novín a časopisov  |2 snkbucl  |9 267496 
773 0 |t Biatec  |g Roč. 12, č. 4 (2004), s. 16-17  |x 1335-0900 
850 |a Slovenská národná knižnica 
852 |a Slovenská národná knižnica 
954 |a odborná, vedecká literatúra pôvodná (slovenská)  |2 lita 
958 |a article2022 
958 |a SK 
958 |a OND 
958 |a EUIPO 
992 |a RBX 
999 |c 2857230  |d 2859160